LEADER 01971nas 2200505- 450 001 9910140225003321 005 20260218110034.0 011 $a1726-4693 035 $a(DE-599)ZDB2099037-6 035 $a(CKB)110976725600392 035 $a(CONSER)---51021472- 035 $a(DE-599)2099037-6 035 $a(EXLCZ)99110976725600392 100 $a20751012b19451986 --- - 101 0 $ager 181 $ctxt$2rdacontent 182 $cc$2rdamedia 183 $acr$2rdacarrier 200 00$aOesterreichische Bibliographie 210 1$aWien :$cVerein des österr. Buch- Kunst-, Musikalien-, Zeitungs-und Zeitschriftenhändler,$d1945-1986. 215 $a1 online resource 300 $a"Verzeichnis der österreichischen Neuerscheinungen." 311 08$aPrint version: Oesterreichische Bibliographie. 0029-8913 (DLC) 51021472 (OCoLC)1695545 531 $aOESTERREICHISCHE BIBLIOGRAPHIE REIHE A VERZEICHNIS DER OESTERREICHISCHEN NEUE 606 $aBibliographies as Topic 606 $aLittérature autrichienne$3(CaQQLa)201-0031675$vBibliographie$3(CaQQLa)201-0381054$vPériodiques$3(CaQQLa)201-0381054 607 $aAustria$xImprints$vPeriodicals 607 $aAustria$2fast 607 $aAustria$vBibliography$2nli 608 $aPeriodical. 608 $aBibliographies.$2fast 608 $aPeriodicals.$2fast 615 2$aBibliographies as Topic. 615 6$aLittérature autrichienne 676 $a015.436 712 02$aO?sterreichische Nationalbibliothek. 712 02$aKorporation der Wiener Buch-, Kunst- und Musikalienha?ndler. 712 02$aVerein der O?st. Buch-, Kunst-, Musikalien-, Zeitungs- u. Zeitschriftenha?ndler. 712 02$aVerein der O?sterr. Buch-, Kunst- und Musikalienha?ndler. 712 02$aHauptverband des O?sterreichischen Buchhandels. 906 $aJOURNAL 912 $a9910140225003321 920 $aexl_impl conversion 996 $aOesterreichische Bibliographie$91954141 997 $aUNINA